000 00874nmc a2200289 a 4500
003 AR-BaBNM
005 20251128204947.0
008 076019s1994 ||||||||||||||000 | spa||
020 _a84-7133-628-6
040 _cAR-BaBNM
100 1 _aPérez Serrano, Gloria
245 1 0 _aInvestigación cualitativa
_bretos e interrogantes : métodos. 1
260 _aMadrid
_bLa Muralla
_c1994
300 0 _a231 p.
_btablas, diagr.
490 0 _aAula abierta
504 _aBibliografía: p. 227-230
650 4 _aINVESTIGACION EN CIENCIAS SOCIALES
650 4 _aMETODOS DE INVESTIGACION
650 4 _aESTUDIOS DE CASOS
650 4 _aTECNICAS DE INVESTIGACION
653 0 _aINVESTIGACION ACCION
653 0 _aINVESTIGACION PARTICIPATIVA
700 1 _aDias, Marco Antonio R.
_eprologuista
800 1 _aCasanova, María Antonia
_edirector
942 _cBK
998 _cSILVI
999 _c9496
_d9496